Ulkomaankauppa 1985

Salvato in:
Dettagli Bibliografici
Natura: Libro
Lingua:finlandese
Pubblicazione: Helsinki Suomen virallinen tilasto 1986
Edizione:1. ed.
Tags: Aggiungi Tag
Nessun Tag, puoi essere il primo ad aggiungerne!!

MARC

LEADER 00000nam a2200000 4500
001 c024274
005 20251203141459.9
041 0 |a fin 
044 |a FI 
245 1 0 |a Ulkomaankauppa 1985 
250 |a 1. ed. 
264 1 |a Helsinki  |b Suomen virallinen tilasto  |c 1986 
300 |a 170 s.